000 01050cam0a220021700 4500
005 20190819094018.0
008 981001
010 _a9223747
020 _a0683058010
035 _a(Sirsi) a141864
040 _alc
050 0 _aRB128
_bHan 1993
245 1 0 _aHandbook of Headache Management :
_ba pratical guide to diagnosis and treatment of head, neck, and facial pain /
_cJoel R. Saper... and others.
260 _aBaltimore :
_bWilliams & Wilkins,
_c1993
350 _a25
504 _aBibliography and index
650 0 _aHeadache -- Handbooks, manuals, etc.
_xHeadache -- Handbooks, manuals, etc.
_6S85003.1
650 0 _aHeadache -- Diagnosis -- Handbooks, manuals, etc.
_xHeadache -- Diagnosis -- Handbooks, manuals, etc.
_xHeadache -- Diagnosis -- Handbooks, manuals, etc.
_6S85004.1
650 0 _aFacial Pain -- Diagnosis -- Handbooks, manuals, etc.
_xFacial Pain -- Diagnosis -- Handbooks, manuals, etc.
_xFacial Pain -- Diagnosis -- Handbooks, manuals, etc.
_6S85005.1
700 0 0 _aSaper, Joel R.
_6A111812.1
999 _c98601
_d98601